LEADER 00999nam0-2200325---450- 001 990009754180403321 005 20130724132915.0 035 $a000975418 035 $aFED01000975418 035 $a(Aleph)000975418FED01 035 $a000975418 100 $a20130724d1964----km-y0itay50------ba 101 0 $aeng 102 $aUS 105 $aaf------001yy 200 1 $aWeights, measures and tokens$fMabel Lang, Margaret Crosby 210 $aPrinceton, New Jersey$cThe American school of classical studies at Athens$d1964 215 $aXII, 146 p., 36 p. di tav.$cill.$d32 cm 225 1 $a<>Athenian Agora$v10 610 0 $aSistemi di misura$aGrecia antica 676 $a389.15$v22 700 1$aLang,$bMabel L.$0214927 701 1$aCrosby,$bMargaret$0387238 801 0$aIT$bUNINA$gRICA$2UNIMARC 901 $aBK 912 $a990009754180403321 952 $a938.5 ATA (10)$bARCH. 12056$fFLFBC 959 $aFLFBC 996 $aWeights, measures and tokens$9834282 997 $aUNINA LEADER 01117cam0-22004091i-450- 001 990001274220403321 005 20060614102141.0 010 $a0-12-561550-7 035 $a000127422 035 $aFED01000127422 035 $a(Aleph)000127422FED01 035 $a000127422 100 $a20001205d1973----km-y0itay50------ba 101 0 $aeng 105 $ay-------001yy 200 1 $aAbelian categories with applications to rings and modules$fNicolae Popescu 210 $aLondon and New York$cAcademic Press$d1973 215 $aXII, 467 p.$d24 cm 225 1 $aL.M.S. Monographs$v3 610 0 $aCategorie abeliane 610 0 $aAnelli 610 0 $aModuli 676 $a512.55 676 $a512.2$v0003 700 1$aPopescu,$bNicolae$058245 801 0$aIT$bUNINA$gRICA$2UNIMARC 901 $aBK 912 $a990001274220403321 952 $aC-65-(3$b15516$fMA1 952 $a02 13 D 33$b1477$fFINBN 959 $aMA1 959 $aFINBN 962 $a18EXX 962 $a16GXX 962 $a16EXX 996 $aAbelian categories with applications to rings and modules$9380525 997 $aUNINA